000 00751nam a2200265Ia 4500
003 OSt
005 20221006151231.0
006 a|||||r|||| 00| 0
007 ta
008 221006b |||||||| |||| 00| 0 jpn d
020 _a9784377310221
_c¥1800
024 _a21,382
037 _bGift, Japan Foundation
_cTextual
040 _aEASL
_cEASL
_bjpn
041 _2jpn
_ajpn
082 _aY:1.2.N93, N4
100 _aMUTO Tomoji
_9658654
245 0 _aKyo no indo = India today
_b A nation of unparalleled diversity
260 _aTokyo
_bSaimuru Japan
_c1994
300 _a270p.
_ccm.
490 _v JL
650 _aJL
942 _hY:1.2.N93, N4
_cTEXL
_2CC
999 _c1089468
_d1089468